Manual completo del encuadernador (Record no. 2047)
[ view plain ]
| 000 -CABECERA | |
|---|---|
| campo de control de longitud fija | 01082nam a2200277 a 4500 |
| 001 - NÚMERO DE CONTROL | |
| campo de control | BRCA_2302 |
| 005 - FECHA Y HORA DE LA ÚLTIMA TRANSACCIÓN | |
| campo de control | 20190320203741.0 |
| 008 - DATOS DE LONGITUD FIJA--INFORMACIÓN GENERAL | |
| campo de control de longitud fija | 190808s2001----sp-a---###---#000-0#spa-# |
| 020 ## - NÚMERO INTERNACIONAL ESTÁNDAR DEL LIBRO | |
| Número Internacional Estándar del Libro | 8489142130 |
| 041 ## - CÓDIGO DE LENGUA | |
| Código de lengua del texto/banda sonora o título independiente | spa |
| 044 ## - CÓDIGO DEL PAÍS DE LA ENTIDAD EDITORA/PRODUCTORA | |
| Código MARC del país | sp |
| 050 #4 - SIGNATURA TOPOGRÁFICA DE LA BIBLIOTECA DEL CONGRESO | |
| Número de clasificación | Z271 |
| Número de documento/Ítem | .S33 2001 |
| 100 1# - ENTRADA PRINCIPAL--NOMBRE DE PERSONA | |
| Nombre de persona | Sabrel, M. |
| 9 (RLIN) | 6892 |
| 245 10 - MENCIÓN DE TÍTULO | |
| Título | Manual completo del encuadernador |
| Resto del título | teórico y práctico : descripción de las máquinas y procedimientos modernos y antiguos |
| Mención de responsabilidad, etc. | por M. Sabrel. |
| 250 ## - MENCIÓN DE EDICIÓN | |
| Mención de edición | 3 |
| 260 ## - PUBLICACIÓN, DISTRIBUCIÓN, ETC. | |
| Lugar de publicación, distribución, etc. | Madrid |
| Nombre del editor, distribuidor, etc. | Clan |
| Fecha de publicación, distribución, etc. | [2001] |
| 300 ## - DESCRIPCIÓN FÍSICA | |
| Extensión | 275 p. |
| Otras características físicas | il. |
| Dimensiones | 25 cm. |
| 440 #0 - MENCIÓN DE SERIE/PUNTO DE ACCESO ADICIONAL--TÍTULO | |
| Título | Colección aprendiz |
| Designación de volumen o secuencia | 1 |
| 9 (RLIN) | 6893 |
| 500 ## - NOTA GENERAL | |
| Nota general | Contiene el modo de alzar, satinar, glacear, plegar, coser, cortar, encuadernar de varias maneras, jaspear y dorar los cortes y las pieles, preparación de colores y ácidos, dorar y hacer relieves con planchas en los lomos y cubiertas, etc. |
| 500 ## - NOTA GENERAL | |
| Nota general | Ejemplar engargolado |
| 500 ## - NOTA GENERAL | |
| Nota general | Por política no se presta a domicilio |
| 650 14 - PUNTO DE ACCESO ADICIONAL DE MATERIA--TÉRMINO DE MATERIA | |
| Término de materia o nombre geográfico como elemento de entrada | Encuadernación |
| Subdivisión general | Manuales, etc. |
| 9 (RLIN) | 6894 |
| 650 14 - PUNTO DE ACCESO ADICIONAL DE MATERIA--TÉRMINO DE MATERIA | |
| Término de materia o nombre geográfico como elemento de entrada | Encuadernadores |
| Subdivisión general | Manuales, etc. |
| 9 (RLIN) | 6895 |
| 902 ## - CATALOGADOR | |
| Iniciales | eng |
| 942 ## - ELEMENTOS DE PUNTO DE ACCESO ADICIONAL (KOHA) | |
| Fuente del sistema de clasificación o colocación | Library of Congress Classification |
| Tipo de ítem Koha | Libros |
| Estado de retiro | Estado de pérdida | Estado dañado | No para préstamo | Localización permanente | Ubicación/localización actual | Fecha de adquisición | Total de préstamos | Signatura topográfica completa | Código de barras | Fecha visto por última vez | Precio válido a partir de | Tipo de ítem Koha |
|---|---|---|---|---|---|---|---|---|---|---|---|---|
| El ejemplar forma parte de la colección y puede ser consultado según las políticas vigentes. | Biblioteca del Museo Franz Mayer (Rogerio Casas-Alatriste) | Biblioteca del Museo Franz Mayer (Rogerio Casas-Alatriste) | 19/08/2008 | Z271 .S33 2001 | ENG00018 | 22/03/2019 | 22/03/2019 | Libros |